000 00333 a2200157 4500
001 164395
020 _a
040 _cMagnum
100 _aFerreira, Roberto Martins
240 1 0 _aSociologia da educacao
_lpor
245 1 0 _aSociologia da educacao
362 0 _a1899
440 1 _aModerna
697 _aSOCIOLOGIA
942 _cBK
999 _c164395
_d164395